Introducción al transporte

Đã lưu trong:
Chi tiết về thư mục
Nhiều tác giả của công ty: Universidad Católica de Valparaíso (Tác giả), Escuela de Transporte (Tác giả)
Định dạng: Sách
Ngôn ngữ:Tiếng Tây Ban Nha
Được phát hành: Valparaíso Universidad Católica de Valparaíso 1970
Những chủ đề:
Các nhãn: Thêm thẻ
Không có thẻ, Là người đầu tiên thẻ bản ghi này!

MARC

LEADER 00000nam a2200000 a 4500
001 UCV4642
003 CL-VaPUC
008 901109e19700000CL |||||||||||||||||spa|d
082 0 4 |a 388  |b UNI  |2 21 
110 2 |a Universidad Católica de Valparaíso  |e author  |9 298827 
710 2 |a Escuela de Transporte  |e author  |9 298828 
245 1 0 |a Introducción al transporte 
300 |a 92 h 
942 |c BK 
945 |d 19901109 00:00:00 
260 |a Valparaíso  |b Universidad Católica de Valparaíso  |c 1970 
650 7 |a TRANSPORTE  |2 CL-VaPUC  |9 256365 
583 |a last modification  |c 19901109 00:00:00  |k Rodrigo Vera 
999 |c 211365  |d 211363 
952 |0 0  |1 0  |4 0  |6 388_000000000000000_UNI_1970  |7 0  |8 A  |9 190469  |a BIBING  |b BIBING  |d 2019-11-14  |i 2582538  |o 388 UNI 1970  |p 2582538  |r 2025-01-20  |w 2019-11-14  |y BK  |k TRA